Jacaranda (Record no. 4900)

MARC details
000 -CABECERA
campo de control de longitud fija 02321cam a2200301 i 4500
001 - NÚMERO DE CONTROL
campo de control a45337873
003 - IDENTIFICADOR DEL NÚMERO DE CONTROL
campo de control SIRSI
005 - FECHA Y HORA DE LA ÚLTIMA TRANSACCIÓN
campo de control 20250828125838.0
008 - DATOS DE LONGITUD FIJA--INFORMACIÓN GENERAL
campo de control de longitud fija 240614t20242024fr 000 f fre d
020 ## - NÚMERO INTERNACIONAL ESTÁNDAR DEL LIBRO
Número Internacional Estándar del Libro 9782246831457
Información calificativa (paperback)
035 ## - NÚMERO DE CONTROL DEL SISTEMA
Número de control de sistema (OCoLC)1453900730
040 ## - FUENTE DE LA CATALOGACIÓN
Centro catalogador/agencia de origen HUL
Lengua de catalogación eng
Normas de descripción rda
Centro/agencia transcriptor HUL
Centro/agencia modificador OCLCO
-- TJC
-- OCLCO
-- WAU
-- OCLCO
-- JHE
-- OCLCO
-- IXA
-- EEM
-- QGK
-- QGJ
-- UtOrBLW
041 ## - CÓDIGO DE LENGUA
Código de lengua del texto/banda sonora o título independiente French
043 ## - CÓDIGO DE ÁREA GEOGRÁFICA
Código de área geográfica f-rw---
050 #4 - SIGNATURA TOPOGRÁFICA DE LA BIBLIOTECA DEL CONGRESO
Número de clasificación PQ2706.A935
Número de documento/Ítem J33 2024
100 ## - ENTRADA PRINCIPAL--NOMBRE DE PERSONA
Nombre de persona Faye, Gaël,
Fechas asociadas al nombre 1982-
Término indicativo de función/relación author.
URI de un objeto del mundo real https://id.oclc.org/worldcat/entity/E39PBJwD3G9TKXvWhtfjD8dbBP
Número de control del registro de autoridad o número normalizado https://id.loc.gov/authorities/names/no2016136172
Código de función http://id.loc.gov/vocabulary/relators/aut
245 10 - MENCIÓN DE TÍTULO
Título Jacaranda
Resto del título : roman
Mención de responsabilidad, etc. / Gaël Faye.
250 ## - MENCIÓN DE EDICIÓN
Mención de edición First edition
264 #1 - PRODUCCIÓN, PUBLICACIÓN, DISTRIBUCIÓN, FABRICACIÓN Y COPYRIGHT
Producción, publicación, distribución, fabricación y copyright Paris :
Nombre del de productor, editor, distribuidor, fabricante Bernard Grasset,
Fecha de producción, publicación, distribución, fabricación o copyright 2024.
264 #4 - PRODUCCIÓN, PUBLICACIÓN, DISTRIBUCIÓN, FABRICACIÓN Y COPYRIGHT
Fecha de producción, publicación, distribución, fabricación o copyright ©2024
300 ## - DESCRIPCIÓN FÍSICA
Extensión 281 pages, 1 unnumbered page ;
Dimensiones 21 cm
520 ## - SUMARIO, ETC.
Sumario, etc. Quels secrets cache l’ombre du jacaranda, l’arbre fétiche de Stella ? Il faudra à son ami Milan des années pour le découvrir. Des années pour percer les silences du Rwanda, dévasté après le génocide des Tutsi. En rendant leur parole aux disparus, les jeunes gens échapperont à la solitude. Et trouveront la paix près des rivages magnifiques du lac Kivu. Sur quatre générations, avec sa douceur unique, Gaël Faye nous raconte l’histoire terrible d’un pays qui s’essaie malgré tout au dialogue et au pardon. Comme un arbre se dresse entre ténèbres et lumière, Jacaranda célèbre l’humanité, paradoxale, aimante, vivante.
520 ## - SUMARIO, ETC.
Sumario, etc. What secrets lie in the shadow of the jacaranda, Stella’s cherished tree? It will take her friend Milan years to uncover them. Years to pierce the silence of Rwanda, devastated in the wake of the Tutsi genocide. By giving voice to the disappeared, the two young people escape solitude and find peace on the magnificent shores of Lake Kivu.<br/><br/>Spanning four generations, with his characteristic tenderness, Gaël Faye tells the harrowing story of a country striving, despite everything, for dialogue and forgiveness. Like a tree rising between darkness and light, Jacaranda is a celebration of humanity—paradoxical, loving, alive.
650 #0 - PUNTO DE ACCESO ADICIONAL DE MATERIA--TÉRMINO DE MATERIA
Término de materia o nombre geográfico como elemento de entrada Rwandan Genocide, Rwanda, 1994
Subdivisión de forma Fiction.
651 #0 - PUNTO DE ACCESO ADICIONAL DE MATERIA--NOMBRE GEOGRÁFICO
Subdivisión geográfica Rwanda
Nombre geográfico Rwanda
Subdivisión general History
Subdivisión de forma Fiction.
653 ## - TÉRMINO DE INDIZACIÓN--NO CONTROLADO
Término no controlado 1994
942 ## - ELEMENTOS DE ENTRADA AGREGADA (KOHA)
Fuente del sistema de clasificación o colocación Clasificación de Library of Congress
Holdings
Estado de retiro Estado de pérdida Fuente del sistema de clasificación o colocación Estado dañado No para préstamo Biblioteca de origen Biblioteca actual Fecha de adquisición Total de préstamos Signatura topográfica completa Código de barras Fecha visto por última vez Número de copia Precio válido a partir de Tipo de ítem Koha
    Clasificación de Library of Congress     TBS Barcelona TBS Barcelona 28/08/2025   P-FR FAY B07718 28/08/2025 1 28/08/2025 Book

Powered by Koha